Sports Quiz

Random Sports Quiz

Катюша текст Quiz Stats

 Plays Quiz not verified by Sporcle

Support Sporcle.
Go Orange.
Score 0/108 Timer 10:00
2 Plays Today
Hint Текст % Correct
1 и 5 куплетРасцветали
100%
1 и 5 куплетяблони
87.3%
1 и 5 куплети
87.3%
3 куплети
87.3%
3 куплети
87.3%
1 и 5 куплетгруши
87.1%
1 и 5 куплетнад
84.1%
1 и 5 куплетна
84.1%
1 и 5 куплетна
84.1%
1 и 5 куплетна
84.1%
1 и 5 куплетна
84.1%
1 и 5 куплетна
84.1%
1 и 5 куплетна
84.1%
3 куплетна
84.1%
3 куплетна
84.1%
1 и 5 куплетвыходила
83.6%
1 и 5 куплетвыходила
83.6%
2 куплетВыходила
83.6%
1 и 5 куплетберег
83.1%
1 и 5 куплетберег
83.1%
1 и 5 куплетберег
83.1%
1 и 5 куплетберег
83.1%
1 и 5 куплетКатюша
83%
1 и 5 куплетКатюша
83%
4 куплетКатюша
83%
4 куплетКатюша
83%
1 и 5 куплетрекой
82.6%
1 и 5 куплеттуманы
81.7%
1 и 5 куплеткрутой
81.2%
1 и 5 куплеткрутой.
81.2%
3 куплетза
80.3%
1 и 5 куплетвысокий
79.6%
1 и 5 куплетвысокий
79.6%
2 куплетзаводила
79.5%
2 куплетпесню
79.4%
2 куплетпро
78.4%
Hint Текст % Correct
2 куплетпро
78.4%
2 куплетпро
78.4%
2 куплетпро
78.4%
2 куплетпро
78.4%
2 куплетлюбила
76.1%
2 куплетлюбила
76.1%
2 куплеттого
76.1%
2 куплеттого
76.1%
2 куплеттого
76.1%
2 куплеттого
76.1%
2 куплеткоторого
75.8%
2 куплеткоторого
75.8%
2 куплеторла
75%
2 куплетберегла
75%
2 куплетберегла.
75%
2 куплетчьи
74.2%
2 куплетчьи
74.2%
1 и 5 куплетпоплыли
73.9%
2 куплетписьма
73.5%
2 куплетписьма
73.5%
2 куплетсизого
73.3%
2 куплетстепного
67.2%
3 куплетты
59.9%
3 куплетты
59.9%
3 куплетот
57.8%
3 куплетот
57.8%
3 куплетпривет
57.7%
3 куплетпривет.
57.7%
3 куплетпередай
57.1%
3 куплетпередай
57.1%
3 куплетпесенка
56.9%
3 куплетдевичья
56.8%
3 куплетбойцу
56.4%
3 куплетбойцу
56.4%
3 куплетКатюши
56.1%
3 куплетКатюши
56.1%
Hint Текст % Correct
3 куплетлети
55.7%
3 куплетдальнем
55.6%
3 куплетдальнем
55.6%
3 куплетпограничье
55.3%
3 куплетпограничье
55.3%
3 куплетОй
54.4%
4 куплета
54.3%
4 куплета
54.3%
3 куплетпесня
53.2%
4 куплетон
51.8%
4 куплетон
51.8%
4 куплетон
51.8%
4 куплетлюбовь
51.2%
4 куплетлюбовь
51.2%
4 куплетПусть
51.1%
4 куплетпусть
51.1%
4 куплетпусть
51.1%
4 куплетпусть
51.1%
4 куплетсбережет
50.4%
4 куплетсбережет.
50.4%
3 куплетсолнцем
50%
3 куплетвслед
48.7%
4 куплетродную
48.5%
4 куплетродную
48.5%
4 куплетземлю
47.8%
4 куплетземлю
47.8%
3 куплетясным
47.6%
4 куплетвспомнит
46.4%
4 куплетдевушку
45.9%
4 куплеткак
45.7%
4 куплетона
45.5%
4 куплетпоет
45.2%
4 куплетуслышит
44.1%
4 куплетбережет
43.3%
4 куплетбережет
43.3%
4 куплетпростую
42.7%

You're not logged in!

Compare scores with friends on all Sporcle quizzes.
OR
Log In

From the Vault

Actress A-Z: Comedy

by markassonne

The letters A-Z have never been so humorous.
Remove Ads.
Support Sporcle.
Get the best of Sporcle when you Go Orange. This ad-free experience offers more features, more stats, and more fun while also helping to support Sporcle. Thank you for becoming a member.

Show Comments

Extras

Top Quizzes Today


Score Distribution

Your Account Isn't Verified!

In order to create a playlist on Sporcle, you need to verify the email address you used during registration. Go to your Sporcle Settings to finish the process.

Report this User

Report this user for behavior that violates our Community Guidelines.

Details: